<?xml version="1.0" encoding="UTF-8"?>
<collection xmlns="http://www.loc.gov/MARC21/slim">
 <record>
  <leader>00780cam a2200241 7i4500</leader>
  <controlfield tag="001">0000011615</controlfield>
  <controlfield tag="005">20150325090000.0</controlfield>
  <controlfield tag="003">  iicp-my</controlfield>
  <controlfield tag="005">  20060422124600.0</controlfield>
  <controlfield tag="008">050906                       000 0 eng d</controlfield>
  <datafield tag="020" ind1=" " ind2=" ">
   <subfield code="a">0130927368 </subfield>
  </datafield>
  <datafield tag="039" ind1=" " ind2="9">
   <subfield code="a">200604221246</subfield>
   <subfield code="b">muna</subfield>
   <subfield code="c">200602271626</subfield>
   <subfield code="d">Yusnizam</subfield>
   <subfield code="c">200602211642</subfield>
   <subfield code="d">muna</subfield>
   <subfield code="y">200509061637</subfield>
   <subfield code="z">Yusnizam</subfield>
  </datafield>
  <datafield tag="090" ind1="0" ind2="0">
   <subfield code="a">005.432 </subfield>
   <subfield code="b">AFZ</subfield>
  </datafield>
  <datafield tag="100" ind1="1" ind2=" ">
   <subfield code="a">Afzal, Amir </subfield>
  </datafield>
  <datafield tag="245" ind1="0" ind2="0">
   <subfield code="a">UNIX unbounded : </subfield>
   <subfield code="b">a beginning approach  </subfield>
   <subfield code="c">by Amir Afzal..</subfield>
  </datafield>
  <datafield tag="250" ind1=" " ind2=" ">
   <subfield code="a">4th ed..</subfield>
  </datafield>
  <datafield tag="260" ind1=" " ind2=" ">
   <subfield code="a">New Jersey: </subfield>
   <subfield code="b">Prentice Hall, </subfield>
   <subfield code="c">2003..</subfield>
  </datafield>
  <datafield tag="300" ind1=" " ind2=" ">
   <subfield code="a">p.;: </subfield>
   <subfield code="b">ill.; </subfield>
   <subfield code="c">cm..</subfield>
  </datafield>
  <datafield tag="500" ind1=" " ind2=" ">
   <subfield code="a">ADTP - CSC202 (Text).</subfield>
  </datafield>
  <datafield tag="650" ind1=" " ind2="0">
   <subfield code="a">Operating systems (Computers). </subfield>
  </datafield>
  <datafield tag="650" ind1=" " ind2="0">
   <subfield code="a">UNIX (Computer file). </subfield>
  </datafield>
  <datafield tag="999" ind1=" " ind2=" ">
   <subfield code="a">1000019212</subfield>
   <subfield code="b">Book</subfield>
   <subfield code="c">White Spot</subfield>
  </datafield>
  <datafield tag="999" ind1=" " ind2=" ">
   <subfield code="a">1000019213</subfield>
   <subfield code="b">Book</subfield>
   <subfield code="c">Yellow Spot</subfield>
  </datafield>
 </record>
</collection>
